Practique du calcul du béton armé / (Record no. 77458)

MARC details
000 -LEADER
campo de control de longitud fija 00737nam a2200181 i 4500
001 - NÚMERO DE CONTROL
campo de control 77458
003 - IDENTIFICADOR DE NÚMERO DE CONTROL
campo de control ES-MaACL
005 - FECHA Y HORA DE LA ÚLTIMA TRANSACCIÓN
campo de control 20230906173224.0
007 - CAMPO FIJO DE DESCRIPCIÓN FÍSICA--INFORMACIÓN GENERAL
campo de control de longitud fija t|
008 - DATOS DE LONGITUD FIJA--INFORMACIÓN GENERAL
campo de control de longitud fija 041018m19271930fr ||||1| fre d
100 1# - ENTRADA PRINCIPAL--NOMBRE DE PERSONA
Nombre de persona Magnel, Gustave.
9 (RLIN) 75491
245 10 - MENCIÓN DEL TÍTULO
Título Practique du calcul du béton armé /
Mención de responsabilidad, etc. par G. Magnel.
250 ## - MENCION DE EDICION
Mención de edición 2ém. ed.
260 ## - PUBLICACIÓN, DISTRIBUCIÓN, ETC.
Lugar de publicación, distribución, etc. Paris :
Nombre del editor, distribuidor, etc. Dunod,
Fecha de publicación, distribución, etc. 1927-1930.
300 ## - DESCRIPCIÓN FÍSICA
Extensión 5 v. :
Otras características físicas il. ;
Dimensiones 20 cm.
505 8# - NOTA DE CONTENIDO CON FORMATO
Nota de contenido con formato Contiene: 1er partie.-- 2e éd. -- 2e partie: poutres continues et plaques hyperstatiques (texte). -- 2e éd. -- 2e partie: poutres continues et plaques hyperstatiques (planches). -- 2e éd. -- 3e partie: calcul des arcs (texte). -- 3e partie: calcul des arcs (planches)
852 ## - LOCALIZACIÓN
Ubicación ES-MaACL
Número de control de estantería A-1871-75
Holdings
Estatus retirado Estado de pérdida Estado de daño No para préstamo Biblioteca de origen Biblioteca actual Ubicación en estantería Fecha de adquisición Fuente de adquisición Total de préstamos Signatura topográfica completa Código de barras Visto por última vez Precio de reemplazo Tipo de ítem Koha
        Biblioteca del Ateneo de Madrid Biblioteca del Ateneo de Madrid Sala Pecera Planta 1 17/01/2008     A-1871-75 1081040 23/02/2023 23/02/2023 Libro impreso